Najdłuższe granice A-Z - Statystyki

Ogólne statystyki
  • Ten quiz został rozwiązany 252 razy
  • Średni wynik to 19 z 22
Statystyki odpowiedzi
Km Kraje % Poprawnych
F 1340 Finlandia Rosja
98%
U 1576 Ukraina Rosja
98%
P 2995 Peru Brazylia
97%
W 2199 Wenezuela Brazylia
97%
A 5150 Argentyna Chile
96%
M 4677 Mongolia Chiny
96%
K 8893 Kanada Stany Zjednoczone
96%
C 5150 Chile Argentyna
95%
S 8893 Stany Zjednoczone Kanada
95%
H 1214 Hiszpania Portugalia
95%
Ł 453 Łotwa Litwa
94%
R 6846 Rosja Kazachstan
91%
J 1458 Jemen Arabia Saudyjska
89%
O 676 Oman Arabia Saudyjska
89%
B 4053 Bangladesz Indie
87%
Z 1930 Zambia Demokratyczna Republika Konga
83%
L 2130 Laos Wietnam
83%
G 1903 Gabon Kongo
79%
I 4053 Indie Bangladesz
71%
T 1800 Tajlandia Mjanma
71%
E 1600 Etiopia Somalia
71%
D 2511 Demokratyczna Republika Konga Angola
64%
Nie znaleziono quizów pasujących do podanych kryteriów
Rozkład punktacji
Procent ludzi z każdym wynikiem
Percentyl według liczby udzielonych odpowiedzi
Twoja historia wyników
Nie rozwiązałeś tego quizu